JetPunker Quiz - MeMeMe333 - Statistics

General Stats
  • This quiz has been taken 8 times
  • The average score is 13 of 15
Answer Stats
Hint Answer % Correct
Country MeMeMe333 lives in Australia
100%
Subdivisions he has visited New South Wales
100%
Queensland
100%
Tasmania
100%
Which subdivision? Victoria
100%
Year he joined JetPunk 2024
88%
Only other country visited China
88%
Birth month December
88%
Blog Series: Interesting Facts can ____ Kill
88%
South Australia
88%
Australian Capital Territory
75%
Book that a large quantity of his quizzes are about Bible
75%
Capybarra blog he won Total Drama JetPunk
75%
Most Taken Quiz: _____ - Sudden Death Fruits
63%
Blog he dropped out of Total Drama Action
50%
No matching quizzes found
Score Distribution
Percent of People with Each Score
Percentile by Number Answered
Your Score History
You have not taken this quiz